000 00362nam a22001337a 4500
008 230606b xxu||||| |||| 00| 0 eng d
082 _a341.050
_bGRA
110 _bNew York University
245 _aNew York University Journal of International Law and Politics
260 _aUSA
_bNew York University
_c2007
300 _a1006p
440 _n4
_v39
942 _2ddc
_cBK
999 _c691
_d691